<?xml version="1.0" encoding="UTF-8"?>
<record
    xmlns:xsi="http://www.w3.org/2001/XMLSchema-instance"
    xsi:schemaLocation="http://www.loc.gov/MARC21/slim http://www.loc.gov/standards/marcxml/schema/MARC21slim.xsd"
    xmlns="http://www.loc.gov/MARC21/slim">

  <leader>00900nam a2200253Ia 4500</leader>
  <controlfield tag="003">OSt</controlfield>
  <controlfield tag="005">20240530115119.0</controlfield>
  <controlfield tag="008">210719s2020    xx            000 0 und d</controlfield>
  <datafield tag="020" ind1=" " ind2=" ">
    <subfield code="a">978-81-944839-2-2</subfield>
  </datafield>
  <datafield tag="040" ind1=" " ind2=" ">
    <subfield code="c">AL</subfield>
  </datafield>
  <datafield tag="041" ind1=" " ind2=" ">
    <subfield code="a">Konkani</subfield>
  </datafield>
  <datafield tag="082" ind1=" " ind2=" ">
    <subfield code="a">891.461 QUAM</subfield>
  </datafield>
  <datafield tag="100" ind1=" " ind2=" ">
    <subfield code="a">QUADROS (Valley)</subfield>
    <subfield code="9">124082</subfield>
    <subfield code="d">&#xCB5;&#xCB2;&#xCCD;&#xCB2;&#xCBF; &#xC95;&#xCCD;&#xCB5;&#xCBE;&#xCA1;&#xCCD;&#xCB0;&#xCB8;&#xCCD; </subfield>
  </datafield>
  <datafield tag="245" ind1=" " ind2=" ">
    <subfield code="a">Mailafatar</subfield>
    <subfield code="b">&#xCAE;&#xCAF;&#xCCD;&#xCB2;&#xCBE;&#xCAB;&#xCBE;&#xCA4;&#xCB0;&#xCCD;</subfield>
  </datafield>
  <datafield tag="260" ind1=" " ind2=" ">
    <subfield code="a">Mangaluru</subfield>
    <subfield code="c">2020</subfield>
  </datafield>
  <datafield tag="300" ind1=" " ind2=" ">
    <subfield code="a">140</subfield>
    <subfield code="b">PB</subfield>
  </datafield>
  <datafield tag="365" ind1=" " ind2=" ">
    <subfield code="b">200</subfield>
    <subfield code="c">Rs</subfield>
  </datafield>
  <datafield tag="520" ind1=" " ind2=" ">
    <subfield code="a">rashtriya mattachyon 27 venchik konkni kavita  : &#xCB0;&#xCBE;&#xCB7;&#xCCD;&#xC9F;&#xCC0;&#xCAF; &#xCAE;&#xC9F;&#xCCD;&#xC9F;&#xCBE;&#xC82;&#xC9A;&#xCCA; 27 &#xCB5;&#xCC6;&#xC82;&#xC9A;&#xCBF;&#xC95;&#xCCD;  &#xC95;&#xCCA;&#xC82;&#xC95;&#xCCD;&#xCA3;&#xCBF; &#xC95;&#xCB5;&#xCBF;&#xCA4;&#xCBE; </subfield>
  </datafield>
  <datafield tag="650" ind1=" " ind2=" ">
    <subfield code="a">Konkani Literature</subfield>
    <subfield code="9">124083</subfield>
  </datafield>
  <datafield tag="650" ind1=" " ind2=" ">
    <subfield code="a">Konkani Poetry</subfield>
    <subfield code="9">124084</subfield>
  </datafield>
  <datafield tag="700" ind1=" " ind2=" ">
    <subfield code="a">KVADRAS (Valli) Ed;</subfield>
    <subfield code="9">168335</subfield>
  </datafield>
  <datafield tag="906" ind1=" " ind2=" ">
    <subfield code="a">27 ; kavita ; konkni ; Mailafatar: ; mattachyon ; rashtriya ; venchik</subfield>
  </datafield>
  <datafield tag="942" ind1=" " ind2=" ">
    <subfield code="2">ddc</subfield>
    <subfield code="c">BK</subfield>
  </datafield>
  <datafield tag="999" ind1=" " ind2=" ">
    <subfield code="c">211717</subfield>
    <subfield code="d">211717</subfield>
  </datafield>
  <datafield tag="952" ind1=" " ind2=" ">
    <subfield code="0">0</subfield>
    <subfield code="1">0</subfield>
    <subfield code="2">ddc</subfield>
    <subfield code="4">0</subfield>
    <subfield code="7">0</subfield>
    <subfield code="8">KON</subfield>
    <subfield code="a">AL</subfield>
    <subfield code="b">AL</subfield>
    <subfield code="d">2021-02-05</subfield>
    <subfield code="e">Ashawadi Prakashan, Ghansoli, Maharastra-400701 | General Annual</subfield>
    <subfield code="g">200.00</subfield>
    <subfield code="l">0</subfield>
    <subfield code="o">891.461 QUAM</subfield>
    <subfield code="p">074531</subfield>
    <subfield code="r">2021-07-19 00:00:00</subfield>
    <subfield code="v">160.00</subfield>
    <subfield code="w">2021-07-19</subfield>
    <subfield code="y">BK</subfield>
  </datafield>
  <datafield tag="952" ind1=" " ind2=" ">
    <subfield code="0">0</subfield>
    <subfield code="1">0</subfield>
    <subfield code="2">ddc</subfield>
    <subfield code="4">0</subfield>
    <subfield code="7">0</subfield>
    <subfield code="8">KON</subfield>
    <subfield code="a">AL</subfield>
    <subfield code="b">AL</subfield>
    <subfield code="d">2021-02-05</subfield>
    <subfield code="e">Ashawadi Prakashan, Ghansoli, Maharastra-400701 | General Annual</subfield>
    <subfield code="g">200.00</subfield>
    <subfield code="l">0</subfield>
    <subfield code="o">891.461 QUAM</subfield>
    <subfield code="p">074532</subfield>
    <subfield code="r">2021-07-19 00:00:00</subfield>
    <subfield code="v">160.00</subfield>
    <subfield code="w">2021-07-19</subfield>
    <subfield code="y">BK</subfield>
  </datafield>
</record>
